Lietuvos Didžiosios Kunigaikštystės kelių evoliucija

Titel: Lietuvos Didžiosios Kunigaikštystės kelių evoliucija : sausumos užvaldymas / Tomas Čelkis
Verfasser:
Veröffentlicht: Vilnius : Vilniaus universiteto leidykla, 2021
Umfang: 463 Seiten : Illustrationen, Karten + 1 Fahtkarte
Format: Buch
Sprache: Litauisch
Schlagworte:
ISBN: 9786090706176
Buchumschlag
X
alg: 48682174
001A    $03004:22-10-21 
001B    $01999:20-11-24 $t22:50:22.000 
001D    $03004:19-11-21 
001U    $0utf8 
001X    $00 
002@    $0Aau 
002C    $aText $btxt $2rdacontent 
002D    $aohne Hilfsmittel zu benutzen $bn $2rdamedia 
002E    $aBand $bnc $2rdacarrier 
003@    $0486821749 
004A    $A978-609-07-0617-6 
007A    $0486821749 $aHEB 
007G    $0DE02092EFBC4C16FE7AF5C12587D40038C5D3 
009P    $qapplication/pdf $A2 $3Inhaltsverzeichnis $uhttp://scans.hebis.de/HEBCGI/show.pl?48682174_toc.pdf $mV:DE-603;B:DE-Mb50 
009P    $qapplication/pdf $A2 $3Register $uhttp://scans.hebis.de/HEBCGI/show.pl?48682174_idx.pdf $mV:DE-603;B:DE-Mb50 
009P    $qapplication/pdf $A2 $3Cover $uhttp://scans.hebis.de/HEBCGI/show.pl?48682174_cov.pdf $mV:DE-603;B:DE-Mb50 
009P    $qapplication/pdf $A2 $3Abstract $uhttp://scans.hebis.de/HEBCGI/show.pl?48682174_sum.pdf $mV:DE-603;B:DE-Mb50 
009P    $qapplication/pdf $A2 $3Buch Bibliographie $uhttp://scans.hebis.de/HEBCGI/show.pl?48682174_bib.pdf $mV:DE-603;B:DE-Mb50 
010@    $alit 
010E    $erda 
011@    $a2021 
021A    $aLietuvos Didžiosios Kunigaikštystės kelių evoliucija $dsausumos užvaldymas $hTomas Čelkis 
028A    $BVerfasser $4aut $7 $8Čelkis, Tomas [Tnu] $9362000948 
033A    $pVilnius $nVilniaus universiteto leidykla 
034D    $a463 Seiten 
034K    $a1 Fahtkarte 
034M    $aIllustrationen, Karten 
037A    $aLiteraturverzeichnis Seite 433-458 
044K    $RLitovskaja Gubernija $RLitauische Sozialistische Sowjetrepublik $#Litauen $#Litauen $#Lithuania $#Lietuvos Respublika $#République Lithuanienne $#Lithuanie $#Litva 1918 - 1940, 1991, 9 - $#Litovskaja Respublika $#Lithuania 1918 - 1940, 1991, 9 - $#Republik Litauen $#Republic of Lithuania $#Lithuanian Republic $#Litauische Republik $#Lietuva $74074266-0 $8Litauen [Tg1] $9085209074 
044K    $#Rzeczpospolita Obojga Narodów $#Litauen Großfürstentum $#Lietuva bis 1795 $#Wielkie Księstwo Litewskie $#Velikoe Knjažestvo Litovskoe $#Vjalikae Knjastva Litoŭskae $#Grossfürstentum Litauen $74499060-1 $8Großfürstentum Litauen [Tg1] $9089174828 
044K    $RAußerortsstraße $#Rural roads $#Routes rurales $#Strade rurali $#Landstraßen $#Chaussee $74125733-9 $8Landstraße [Ts1] $9085424986 
044K    $RVerkehrswegebau $#Roads Design and construction $#Routes Conception et construction $#Straßenbau $#Straßenbau $#Straße Bau $74057887-2 $8Straßenbau [Ts1] $9085160962 
044K    $RStadtgestaltung $#City planning $#Design urbain $#Stadtarchitektur $#Stadtbaukunst $#Urbanistik Städtebau $74056795-3 $8Städtebau [Ts1] $9085158194 
044K    $RGeografie $#Historical geography $#Géographie historique $#Geografia storica $#Geografía histórica $#Historische Geographie $#Geschichtsgeographie $#Geschichtsgeografie $74025103-2 $8Historische Geografie [Ts1] $9085062359 
045F    $a911.4793 $eDDC23BSB 
045F/01 $a911 
045F/03 $g4793 
045R    $aGeschichte 1201-1700 
046L    $aEnglische Zusammenfassung 

lok: 48682174 24

exp: 48682174 24 1 #EPN
201B/01 $019-11-21 $t11:42:22.000 
201C/01 $022-10-21 
201U/01 $0utf8 
203@/01 $01171319630 
208@/01 $a19-11-21 $bz 
209A/01 $a21.06212 $du $f050 $h21 06212 $x00 
209C/01 $a21.06212 K $h21 06212 K 
209G/01 $a74551866 $x00 
220C/01 $acer 
247C/01 $8358050-7 Marburg, Bibliothek des Herder-Instituts Marburg $9102600961 

lok: 48682174 78

exp: 48682174 78 1 #EPN
201B/01 $013-02-24 $t15:01:58.000 
201C/01 $013-02-24 
201U/01 $0utf8 
203@/01 $0125637475X 
208@/01 $a13-02-24 $be 
209A/01 $a/ $f000 $x00 
209A/01 $ab*p $x01 
220C/01 $apgar 
244Z/01 $#Litauen $#Litauen $#Lithuania $#Lietuvos Respublika $#République Lithuanienne $#Lithuanie $#Litva 1918 - 1940, 1991, 9 - $#Litovskaja Respublika $#Lithuania 1918 - 1940, 1991, 9 - $#Republik Litauen $#Republic of Lithuania $#Lithuanian Republic $#Litauische Republik $#Lietuva $74074266-0 $8--Tg1--Litauen $x10 $9085209074 
247C/01 $82080>Marburg/Lahn, Herder-Institut, Forschungsbibliothek, Bibliographieportal $9336309341
LEADER 00000cam a2200000 c 4500
001 486821749
003 DE-603
005 20241120225022.0
007 tu
008 211022s2021 xx |||| | u00||u|lit c
020 |a 9786090706176 
035 |a (DE-599)HEB486821749 
040 |a DE-603  |b ger  |c DE-603  |d DE-603  |e rda 
041 |a lit 
082 0 4 |8 1\u  |a 911.4793  |q DE-101  |2 23/BSB 
085 |8 1\u  |b 911 
085 |8 1\u  |z 2  |s 4793 
100 1 |a Čelkis, Tomas  |e Verfasser  |4 aut  |0 (DE-603)362000948 
245 0 0 |a Lietuvos Didžiosios Kunigaikštystės kelių evoliucija  |b sausumos užvaldymas  |c Tomas Čelkis 
264 1 |a Vilnius  |b Vilniaus universiteto leidykla  |c 2021 
300 |a 463 Seiten  |b Illustrationen, Karten  |e 1 Fahtkarte 
336 |a Text  |b txt  |2 rdacontent 
337 |a ohne Hilfsmittel zu benutzen  |b n  |2 rdamedia 
338 |a Band  |b nc  |2 rdacarrier 
500 |a Literaturverzeichnis Seite 433-458 
546 |a Englische Zusammenfassung 
648 7 |a Geschichte 1201-1700  |2 gnd 
650 7 |a Landstraße  |0 (DE-588)4125733-9  |0 (DE-603)085424986  |2 gnd 
650 7 |a Straßenbau  |0 (DE-588)4057887-2  |0 (DE-603)085160962  |2 gnd 
650 7 |a Städtebau  |0 (DE-588)4056795-3  |0 (DE-603)085158194  |2 gnd 
650 7 |a Historische Geografie  |0 (DE-588)4025103-2  |0 (DE-603)085062359  |2 gnd 
651 7 |a Litauen  |0 (DE-588)4074266-0  |0 (DE-603)085209074  |2 gnd 
651 7 |a Großfürstentum Litauen  |0 (DE-588)4499060-1  |0 (DE-603)089174828  |2 gnd 
856 4 2 |m V:DE-603;B:DE-Mb50  |q application/pdf  |u http://scans.hebis.de/HEBCGI/show.pl?48682174_toc.pdf  |3 Inhaltsverzeichnis 
856 4 2 |m V:DE-603;B:DE-Mb50  |q application/pdf  |u http://scans.hebis.de/HEBCGI/show.pl?48682174_idx.pdf  |3 Register 
856 4 2 |m V:DE-603;B:DE-Mb50  |q application/pdf  |u http://scans.hebis.de/HEBCGI/show.pl?48682174_cov.pdf  |3 Cover 
856 4 2 |m V:DE-603;B:DE-Mb50  |q application/pdf  |u http://scans.hebis.de/HEBCGI/show.pl?48682174_sum.pdf  |3 Abstract 
856 4 2 |m V:DE-603;B:DE-Mb50  |q application/pdf  |u http://scans.hebis.de/HEBCGI/show.pl?48682174_bib.pdf  |3 Buch Bibliographie 
924 0 |9 Mb 50  |a (DE-603)1171319630  |b DE-Mb50  |c HES  |d c  |g 21.06212 
924 0 |9 2080  |a (DE-603)125637475X  |b DE-2080  |c HES  |d d  |g /